NUTRITIONAL AND METABOLIC INFERTILITY IN THE COW (Record no. 17531)

MARC details
000 -LEADER
fixed length control field 00480nam a22001817a 4500
003 - CONTROL NUMBER IDENTIFIER
control field OSt
005 - DATE AND TIME OF LATEST TRANSACTION
control field 20211110142941.0
008 - FIXED-LENGTH DATA ELEMENTS--GENERAL INFORMATION
fixed length control field 211110b |||||||| |||| 00| 0 eng d
020 ## - INTERNATIONAL STANDARD BOOK NUMBER
International Standard Book Number 085198892-X
040 ## - CATALOGING SOURCE
Transcribing agency HAWASSA UNIVERSITY
050 ## - LIBRARY OF CONGRESS CALL NUMBER
Classification number 6360896399/McC
Item number 4
082 ## - DEWEY DECIMAL CLASSIFICATION NUMBER
Classification number 636.08996399/McC
Item number 4
100 ## - MAIN ENTRY--PERSONAL NAME
Personal name McCLURE T.J.
9 (RLIN) 1682
245 ## - TITLE STATEMENT
Title NUTRITIONAL AND METABOLIC INFERTILITY IN THE COW
260 ## - PUBLICATION, DISTRIBUTION, ETC.
Place of publication, distribution, etc. UK
Name of publisher, distributor, etc. CAB INTERNATIONAL
Date of publication, distribution, etc. 1994
300 ## - PHYSICAL DESCRIPTION
Extent 128
942 ## - ADDED ENTRY ELEMENTS (KOHA)
Source of classification or shelving scheme Dewey Decimal Classification
Koha item type Books like text book referance book
Suppress in OPAC No
Holdings
Withdrawn status Lost status Source of classification or shelving scheme Damaged status Not for loan Home library Current library Date acquired Total Checkouts Full call number Barcode Date last seen Copy number Price effective from Koha item type
    Dewey Decimal Classification     College of Agriculture Library College of Agriculture Library 11/10/2021   636.0896399/MCC ALIB0008429 11/10/2021 1 11/10/2021 Books like text book referance book
    Dewey Decimal Classification     College of Agriculture Library College of Agriculture Library 11/10/2021   636.0896399/MCC ALIB0008430 11/10/2021 2 11/10/2021 Books like text book referance book
    Dewey Decimal Classification     College of Agriculture Library College of Agriculture Library 11/10/2021   636.0896399/MCC ALIB0008431 11/10/2021 3 11/10/2021 Books like text book referance book
    Dewey Decimal Classification     College of Agriculture Library College of Agriculture Library 11/10/2021   636.0896399/MCC ALIB0008432 11/10/2021 4 11/10/2021 Books like text book referance book